[Event "Rheinland Pfalz op 14th"]
[Site "Neuwied Heimbach Weis"]
[Date "2024.05.30"]
[Round "1"]
[White "Gasber, Johannes"]
[Black "Heinold, Eliah"]
[Result "1-0"]
[WhiteElo "1857"]
[BlackElo "1174"]
[PlyCount "43"]
[EventDate "2024.05.30"]
[EventType "swiss"]
[EventRounds "7"]
[EventCountry "GER"]
[SourceTitle "CB25_2024"]
[SourceDate "2024.06.01"]
[SourceVersion "1"]
[SourceVersionDate "2024.06.01"]
[SourceQuality "2"]

1. e4 c6 2. d4 d5 3. e5 c5 4. dxc5 e6 5. a3 Bxc5 6. Qg4 g6 7. b4 Bb6 8. Nf3 Nc6 9. Bd3 Qc7 10. Bb2 a5 11. b5 Na7 12. a4 Qc5 13. 0-0 Nh6 14. Qg5 Nf5 15. Bxf5 gxf5 16. Ba3 h6 17. Qg7 Qxc2 18. Qxh8+ Kd7 19. Qf8 Nxb5 20. axb5 Bd8 21. Qxf7+ Be7 22. Qxe7# 1-0